|
|
|
|
| LEADER |
00000cam a2200000 i 4500 |
| 001 |
1/69906 |
| 008 |
080111s1995 pau| ||| |||| ||eng|| |
| 020 |
|
|
|a 0898712041
|
| 035 |
|
|
|l 10093541
|
| 040 |
|
|
|a GR-MyUa
|b gre
|e AACR2
|
| 041 |
0 |
|
|a eng
|
| 082 |
7 |
|
|a 511.8
|2 (22)
|
| 245 |
0 |
0 |
|a Mathematical modelling :
|b classroom notes in applied mathematics /
|c edited by Murray S. Klamkin.
|
| 260 |
|
|
|a Philadelphia :
|b SIAM,
|c 1995
|
| 300 |
|
|
|a xiv, 338 σ. :
|b εικ. ;
|c 26 εκ.
|
| 500 |
|
|
|a Reprint of articles originally published in SIAM review, 1975-1986.
|
| 504 |
|
|
|a Περιέχει βιβλιογραφίες.
|
| 650 |
|
0 |
|a Mathematical models.
|
| 650 |
|
0 |
|a Problem solving.
|
| 650 |
|
0 |
|a Mathematics.
|
| 700 |
1 |
|
|a Klamkin, Murray S.
|e edt
|
| 710 |
2 |
|
|a Society for Industrial and Applied Mathematics.
|
| 852 |
|
|
|a INST
|b SAMOS
|e 20080111
|h 511.8 MAT
|p 005300027316
|q 005300027316
|t BK
|y 0
|
| 901 |
|
|
|a BIBL3-2008-1
|
| 922 |
|
|
|a 3ΕΛΗ
|b 200711
|c ΕΠΕΑΕΚ2/ΤΜΗΜΑ ΜΑΘΗΜΑΤΙΚΩΝ
|d ΕΛΕΥΘΕΡΟΥΔΑΚΗΣ
|
| 970 |
|
|
|a ΣΙΤΖΙΜΗ
|b ΓΙΑΣΕΜΗ
|z 2008/01/11
|